00601nam a2200169 a 45000010005000000030009000050080041000140400028000550820015000831000021000982450074001192600052001933000010002454900020002555050136002756500020004111516CO-ViMGA141112s2004 ck r 000 u spa d aCO-ViMGAbspacCO-ViMGA04a320.1 B6111 aBobbio, Norberto10aEstado, gobierno y sociedad por una teoría general de la Política aMexico : bFondo de Cultura Económica, c1996 a243 p aBraviarios, 487 aLa gran dicotomía público - privado 9 - - La sociedad civil 39 - - Estado, poder y gobierno 68 - - Democracia y dictadura 188 14aESTADO - TEORIA